[Event "ICS rated blitz match"]
[Site "204.178.125.65"]
[Date "1999.08.04"]
[Round "?"]
[White "Hossa"]
[Black "JudgeTurpin"]
[Result "1-0"]
[WhiteElo "2392"]
[BlackElo "2584"]
[PlyCount "89"]
[EventDate "1999.??.??"]

1. d4 d5 2. c4 e5 3. dxe5 d4 4. Nf3 Nc6 5. Bf4 Bb4+ 6. Nbd2 Be6 7. e3 dxe3 8.
Bxe3 Bg4 9. Be2 Bxf3 10. Bxf3 Nxe5 11. Bxb7 Nd3+ 12. Ke2 Rb8 13. Bc6+ Kf8 14.
Ne4 Nxb2 15. Qc2 Ne7 16. Bb5 Ba3 17. Qc3 c6 18. Qxa3 cxb5 19. Qxb2 bxc4 20. Qc2
Qd5 21. Rad1 Qa5 22. Qxc4 Rc8 23. Bc5 Rxc5 24. Qxc5 Qxa2+ 25. Ke1 f6 26. Qb4
Qe6 27. Rd8+ Kf7 28. Rxh8 f5 29. Qc4 Nd5 30. Rd8 Qxe4+ 31. Qxe4 fxe4 32. Rxd5
Ke6 33. Ra5 h5 34. Rxh5 Kf6 35. Ra5 e3 36. Ra6+ Ke5 37. fxe3 Ke4 38. Rxa7 g6
39. Ra5 Kxe3 40. h4 Kd3 41. Ra4 Kc2 42. Rh3 Kb2 43. Kd2 g5 44. hxg5 Kb1 45.
Rb3# {JudgeTurpin checkmated} 1-0

[Event "ICS rated blitz match"]
[Site "204.178.125.65"]
[Date "1999.08.04"]
[Round "?"]
[White "Hossa"]
[Black "swelch"]
[Result "1-0"]
[WhiteElo "2416"]
[BlackElo "2059"]
[PlyCount "56"]
[EventDate "1999.??.??"]

1. d4 c5 2. d5 e5 3. e4 d6 4. Bb5+ Bd7 5. Bxd7+ Nxd7 6. Ne2 b5 7. O-O Ngf6 8.
Nd2 Be7 9. a4 a6 10. axb5 axb5 11. Rxa8 Qxa8 12. f4 exf4 13. Nxf4 O-O 14. Qe2
Ne5 15. Qxb5 Rb8 16. Qe2 Qa4 17. c4 Qc2 18. Qd1 Qxd1 19. Rxd1 Nfg4 20. b3 Ne3
21. Re1 Nc2 22. Rf1 Nd4 23. Ba3 Nxb3 24. Rb1 Nxc4 25. Nxc4 Bf6 26. Nd3 Bd4+ 27.
Kh1 Rb7 28. Nxd6 28... Ra7 {swelch resigns} 1-0

[Event "ICS rated blitz match"]
[Site "204.178.125.65"]
[Date "1999.08.04"]
[Round "?"]
[White "MissSilicon"]
[Black "Hossa"]
[Result "1/2-1/2"]
[WhiteElo "2627"]
[BlackElo "2420"]
[PlyCount "250"]
[EventDate "1999.??.??"]

1. c4 c6 2. d4 d5 3. cxd5 cxd5 4. Nc3 Nc6 5. Nf3 Bg4 6. Qb3 Qd7 7. Qxd5 Qxd5 8.
Nxd5 O-O-O 9. Ne3 Bxf3 10. exf3 Nxd4 11. Bd2 e6 12. Rc1+ Kb8 13. Ng4 Bd6 14.
Ba5 b6 15. Bd2 Ne7 16. Ba6 Ng6 17. O-O Bf4 18. Bxf4+ Nxf4 19. Kh1 Ng6 20. Rfd1
e5 21. Re1 f6 22. b4 Nf4 23. Bc4 b5 24. Bf1 Rc8 25. Red1 Rxc1 26. Rxc1 Rd8 27.
Ne3 a6 28. Rd1 Kc7 29. g3 Nfe6 30. Bg2 f5 31. g4 g6 32. gxf5 gxf5 33. Rc1+ Kb8
34. Rd1 Rg8 35. Nd5 Ka7 36. f4 exf4 37. f3 Rc8 38. h4 Rc2 39. Ra1 Rf2 40. h5
Nxf3 41. Bxf3 Rxf3 42. Re1 Ng5 43. Re7+ Kb8 44. Kg1 Rg3+ 45. Kf1 Rh3 46. Rg7
Rxh5 47. Nxf4 Rh1+ 48. Kg2 Rh4 49. Nd3 Ne6 50. Re7 Nc7 51. Rf7 Nd5 52. a3 Rh6
53. Kg3 Ne3 54. Rf8+ Kc7 55. Kf4 Nc4 56. Kg5 Rd6 57. Nc5 Nxa3 58. Rf7+ Kb6 59.
Rb7+ Kc6 60. Rxh7 Nc2 61. Nxa6 Kd5 62. Nc7+ Kc4 63. Kxf5 Kxb4 64. Ne8 Rc6 65.
Rd7 Kc3 66. Nd6 b4 67. Nb5+ Kc4 68. Nd6+ Kb3 69. Ke6 Ne3 70. Ke5 Rc1 71. Ne4
Nc4+ 72. Ke6 Kb2 73. Rb7 b3 74. Nc5 Kc3 75. Rxb3+ Kd4 76. Nd3 Rf1 77. Nb4 Re1+
78. Kf6 Rh1 79. Ke7 Rh7+ 80. Kf8 Ne5 81. Rb1 Nd7+ 82. Ke8 Nf6+ 83. Kd8 Rd7+ 84.
Kc8 Rf7 85. Kb8 Nd7+ 86. Kc7 Ne5+ 87. Kc8 Kc5 88. Na6+ Kc6 89. Nb8+ Kd6 90.
Rd1+ Ke6 91. Na6 Rf8+ 92. Kb7 Rf4 93. Kc7 Rc4+ 94. Kb6 Kf6 95. Kb5 Rc3 96. Nb4
Rb3 97. Ka4 Rb2 98. Rf1+ Kg6 99. Rg1+ Kf5 100. Ra1 Rf2 101. Kb5 Kf6 102. Ra8
Rb2 103. Ra6+ Kf5 104. Rd6 Rb1 105. Rd5 Kf6 106. Rd4 Rb2 107. Ka4 Kf5 108. Rd6
Rb1 109. Rd5 Ke4 110. Rd2 Ra1+ 111. Kb3 Re1 112. Kc2 Re3 113. Rh2 Nf3 114. Rh5
Nd4+ 115. Kd2 Nb3+ 116. Kd1 Rc3 117. Rh4+ Ke5 118. Rh6 Rc1+ 119. Ke2 Nd4+ 120.
Kd3 Rd1+ 121. Kc3 Ne2+ 122. Kc2 Rd7 123. Rh5+ Ke4 124. Rh4+ Ke3 125. Rh3+
125... Ke4 {Game drawn by the 50 move rule} 1/2-1/2

[Event "ICS rated blitz match"]
[Site "204.178.125.65"]
[Date "1999.08.04"]
[Round "?"]
[White "Hossa"]
[Black "MissSilicon"]
[Result "0-1"]
[WhiteElo "2429"]
[BlackElo "2618"]
[PlyCount "110"]
[EventDate "1999.??.??"]

1. d4 d5 2. c4 e6 3. Nc3 Nf6 4. Bg5 Be7 5. e3 O-O 6. Rc1 Nc6 7. Nf3 h6 8. Bf4
Nh5 9. Bg3 Nxg3 10. fxg3 dxc4 11. Bxc4 Nb4 12. O-O c6 13. Qe1 c5 14. a4 cxd4
15. exd4 a6 16. Qe4 Bd7 17. Ne5 Bg5 18. Rce1 Qc7 19. Qg4 Nc2 20. Nxd7 Qxd7 21.
d5 b5 22. axb5 f5 23. Qe2 Nxe1 24. Qxe1 axb5 25. Bxb5 Qa7+ 26. Kh1 exd5 27.
Nxd5 Kh8 28. Bc6 Rac8 29. Qb4 Rfd8 30. Qb5 Rd6 31. Nb4 Rb8 32. Qe5 Qe7 33. Qxe7
Bxe7 34. Nd5 Bf8 35. Rxf5 Rxc6 36. h4 Rc1+ 37. Kh2 Rb1 38. Rf7 R1xb2 39. Kh3
Ra2 40. Nc3 Ra5 41. Ne4 Kg8 42. Rd7 Rb4 43. Nc3 Ra3 44. Ne2 Re3 45. Ng1 Re1 46.
Nf3 Rh1+ 47. Nh2 Bc5 48. g4 Rb3+ 49. g3 Rb2 50. g5 h5 51. Rd8+ Kh7 52. g6+ Kxg6
53. Rd2 Rxd2 54. g4 Rd3+ 55. Kg2 55... Rg1# {Hossa checkmated} 0-1

[Event "ICS rated blitz match"]
[Site "204.178.125.65"]
[Date "1999.08.04"]
[Round "?"]
[White "SirCosmic"]
[Black "Hossa"]
[Result "0-1"]
[WhiteElo "2369"]
[BlackElo "2421"]
[PlyCount "82"]
[EventDate "1999.??.??"]

1. Nf3 Nf6 2. g3 d5 3. Bg2 Bg4 4. O-O Nbd7 5. d3 e5 6. Nbd2 Bc5 7. h3 Bxf3 8.
Nxf3 O-O 9. d4 exd4 10. Nxd4 Ne4 11. Nb3 c6 12. Nxc5 Ndxc5 13. Be3 Qe7 14. Bd4
Rae8 15. b3 b6 16. a4 Ne6 17. Qd3 N4c5 18. Qd2 Nxd4 19. Qxd4 Qxe2 20. b4 Ne4
21. b5 Qxc2 22. Rfc1 c5 23. Rxc2 cxd4 24. Rd1 Nc3 25. Rdd2 Re7 26. Bf3 Rc8 27.
Kg2 Rc4 28. Bxd5 Rb4 29. Bf3 f6 30. Rd3 Rxa4 31. Bc6 Rc7 32. Rcd2 a6 33. Rxd4
Rxd4 34. Rxd4 axb5 35. Rd8+ Kf7 36. Bf3 Re7 37. Rb8 Re6 38. Rb7+ Kg6 39. g4 b4
40. h4 b3 41. h5+ 41... Kh6 {SirCosmic resigns} 0-1

[Event "ICS Rated blitz match"]
[Site "204.178.125.65"]
[Date "1999.08.04"]
[Round "?"]
[White "Hossa"]
[Black "JudgeTurpin"]
[Result "0-1"]
[WhiteElo "2426"]
[BlackElo "2560"]
[PlyCount "52"]
[EventDate "1999.??.??"]

1. d4 d5 2. c4 Nc6 3. cxd5 Qxd5 4. Nf3 e5 5. Nc3 Bb4 6. Bd2 Bxc3 7. Bxc3 e4 8.
Nd2 Bg4 9. f3 e3 10. fxg4 exd2+ 11. Qxd2 O-O-O 12. e3 h5 13. O-O-O hxg4 14. Bd3
Qxa2 15. Qf2 Nf6 16. Qf5+ Kb8 17. g3 Rhe8 18. Rde1 Ka8 19. Kd2 Nd5 20. Ra1 Qb3
21. Ra3 Qb6 22. Qxf7 Rxe3 23. Qxg7 Nxc3 24. bxc3 Re7 25. Qxg4 Qb2+ 26. Bc2
26... Qxa3 {Hossa resigns} 0-1

[Event "ICS Rated blitz match"]
[Site "204.178.125.65"]
[Date "1999.08.04"]
[Round "?"]
[White "JudgeTurpin"]
[Black "Hossa"]
[Result "1-0"]
[WhiteElo "2570"]
[BlackElo "2416"]
[PlyCount "193"]
[EventDate "1999.??.??"]

1. d4 Nf6 2. c4 Nc6 3. Nf3 e6 4. Nc3 Bb4 5. Qc2 d5 6. Bg5 dxc4 7. e3 b5 8. a4
Qd5 9. Bxf6 gxf6 10. axb5 Qxb5 11. Nd2 Qg5 12. h4 Qg6 13. Qc1 e5 14. h5 Qg5 15.
Nd5 Rb8 16. Nxc7+ Kd7 17. Nd5 exd4 18. Bxc4 Qxg2 19. Rf1 dxe3 20. Nxe3 Re8 21.
Qd1 Rxe3+ 22. fxe3 Qg3+ 23. Ke2 Qh2+ 24. Rf2 Qxh5+ 25. Nf3+ Ke7 26. Qd5 Qxd5
27. Bxd5 Na5 28. Rh2 Ba6+ 29. Kf2 Bd3 30. Rh4 Bg6 31. Ra4 Rb5 32. Ba8 Bd6 33.
b4 Nb3 34. Rxa7+ Kf8 35. Rb7 Rh5 36. Rd7 Rxh4 37. Nxh4 Bxb4 38. Nxg6+ fxg6 39.
Bd5 Nc5 40. Rf7+ Ke8 41. Rxh7 Nd3+ 42. Kf3 Ne5+ 43. Ke4 Ba5 44. Be6 Bc3 45. Rc7
Bd2 46. Rb7 Bc3 47. Rh7 Ba5 48. Bb3 Bc3 49. Kd5 Kf8 50. Ke6 Nf3 51. Rf7+ Kg8
52. Rd7 Ng5+ 53. Kd5 f5 54. Kc5+ Kh8 55. Bc2 Bg7 56. Kd5 Kh7 57. Rc7 Kh6 58.
Rc6 Kh5 59. Bd3 Nh7 60. Rc7 Kh6 61. Ke6 Ng5+ 62. Kd6 Nf3 63. Kd5 Ne1 64. Bf1
Nf3 65. Be2 Nd2 66. Bd3 Bf6 67. Rc2 Nf3 68. Be2 Ng5 69. Rc6 Bb2 70. Bd3 Kh5 71.
Rc8 Nf3 72. Be2 Kg4 73. Rb8 Bc1 74. Rb3 Kh4 75. Bxf3 g5 76. Ke5 f4 77. exf4
gxf4 78. Rb7 Kg3 79. Ke4 Be3 80. Rb2 Kh3 81. Rg2 Bc1 82. Rg6 Bd2 83. Kd5 Bc3
84. Rg2 Be1 85. Ke4 Bg3 86. Kf5 Kh4 87. Rb2 Be1 88. Kxf4 Bg3+ 89. Ke4 Kg5 90.
Rg2 Kh4 91. Rg1 Bf2 92. Rg4+ Kh3 93. Kf4 Bd4 94. Rg2 Bc3 95. Re2 Bb2 96. Bg4+
Kh4 97. Rh2# {Hossa checkmated} 1-0

[Event "ICS Rated blitz match"]
[Site "204.178.125.65"]
[Date "1999.08.04"]
[Round "?"]
[White "Hossa"]
[Black "JudgeTurpin"]
[Result "0-1"]
[WhiteElo "2407"]
[BlackElo "2579"]
[PlyCount "79"]
[EventDate "1999.??.??"]

1. d4 d5 2. c4 c6 3. Nc3 Nf6 4. cxd5 cxd5 5. f3 e6 6. Bg5 Nc6 7. Rc1 h6 8. Bh4
Qb6 9. Bxf6 gxf6 10. e3 Qxb2 11. Rc2 Qb6 12. Bb5 Bd7 13. Bxc6 Bxc6 14. Nge2 f5
15. O-O Bd6 16. f4 Qa6 17. Qd2 b5 18. Qd3 Qb6 19. a3 a5 20. Re1 b4 21. Rb1 Rg8
22. a4 Qa7 23. Nb5 Qd7 24. Kh1 Bxb5 25. Qxb5 Qxb5 26. axb5 Kd7 27. g3 Rgb8 28.
Rcb2 a4 29. Ra1 Rxb5 30. Nc3 Rba5 31. Na2 b3 32. Nc3 Bb4 33. Nxa4 Rxa4 34. Rxa4
Rxa4 35. Rb1 Ra3 36. Kg2 Bc3 37. h3 b2 38. e4 fxe4 39. f5 Ra1 40. Rxb2 {
Hossa resigns} 0-1

[Event "ICS Rated blitz match"]
[Site "204.178.125.65"]
[Date "1999.08.04"]
[Round "?"]
[White "JudgeTurpin"]
[Black "Hossa"]
[Result "1-0"]
[WhiteElo "2588"]
[BlackElo "2398"]
[PlyCount "94"]
[EventDate "1999.??.??"]

1. Nf3 Nf6 2. c4 b6 3. g3 Ba6 4. Bg2 Bxc4 5. d3 Bd5 6. Nc3 Bxf3 7. Bxf3 d5 8.
Qa4+ c6 9. Bf4 b5 10. Qc2 e6 11. Qd2 b4 12. Na4 Bd6 13. d4 Bxf4 14. Qxf4 Qa5
15. b3 O-O 16. Rc1 Qb5 17. Qc7 Ne8 18. Qd8 a5 19. O-O Nf6 20. Qc7 Re8 21. Rfd1
Ne4 22. h4 f6 23. Bh5 Rf8 24. Qe7 e5 25. dxe5 fxe5 26. Nc5 Nxc5 27. Rxc5 Qb6
28. Rdxd5 Ra7 29. Bf7+ Rxf7 30. Rd8+ Qxd8 31. Qxd8+ Rf8 32. Qd6 Raf7 33. Rxa5
Rxf2 34. Rxe5 Rf1+ 35. Kg2 R1f2+ 36. Kh3 Na6 37. Re7 R2f6 38. Qd7 Rg6 39. Qd3
Nb8 40. Qc4+ Kh8 41. Qf7 Nd7 42. Rxd7 Rg8 43. Qe7 c5 44. e4 Rc6 45. Rd8 Rc8 46.
Rxg8+ Rxg8 47. Qxc5 47... Rb8 {Hossa resigns} 1-0

[Event "ICS Rated standard match"]
[Site "204.178.125.65"]
[Date "1999.08.04"]
[Round "?"]
[White "Hossa"]
[Black "JudgeTurpin"]
[Result "0-1"]
[WhiteElo "2194"]
[BlackElo "2327"]
[PlyCount "138"]
[EventDate "1999.??.??"]

1. d4 d5 2. Nf3 Nf6 3. c4 e6 4. Bg5 Be7 5. e3 O-O 6. Bd3 dxc4 7. Bxc4 c5 8. O-O
Qb6 9. b3 Rd8 10. Nc3 cxd4 11. exd4 Nc6 12. Be3 Qa5 13. Qd3 b6 14. Rac1 Bb7 15.
Qe2 Ba3 16. Rc2 a6 17. Nb1 Nb4 18. Nxa3 b5 19. Bd3 Bxf3 20. Qxf3 Nxd3 21. Bd2
Qxa3 22. Qxd3 Qd6 23. Bc3 Nd5 24. Ba5 Rdc8 25. Rfc1 Rxc2 26. Rxc2 Re8 27. Qe4
b4 28. Qe1 Qe7 29. Rc4 Rb8 30. Qe5 Qf8 31. Bc7 Rc8 32. f3 Qe8 33. Ba5 Rb8 34.
Qd6 Qf8 35. Qxa6 h6 36. Rc2 Ra8 37. Qb5 Qd6 38. Qc5 Qa6 39. Bxb4 Ne3 40. h3
Nxc2 41. Qxc2 Qxa2 42. Qxa2 Rxa2 43. Bc5 g5 44. Kh2 f5 45. b4 Rb2 46. Be7 Kf7
47. Bd6 Rb1 48. Kg3 f4+ 49. Kh2 Kg6 50. Bc5 Rb2 51. Bd6 Kf5 52. Bc5 h5 53. Kg1
g4 54. hxg4+ hxg4 55. fxg4+ Kxg4 56. Kf1 Kg3 57. Bd6 Rf2+ 58. Kg1 Rxg2+ 59. Kf1
Rf2+ 60. Kg1 Rd2 61. Kf1 Rd1+ 62. Ke2 Rxd4 63. Bc7 Kg2 64. Bb6 f3+ 65. Ke3 Rd5
66. Bc7 f2 67. Bg3 f1=Q 68. Bf2 Qxf2+ 69. Ke4 69... Qd4# {Hossa checkmated} 0-1

[Event "ICS rated blitz match"]
[Site "204.178.125.65"]
[Date "1999.08.04"]
[Round "?"]
[White "Hossa"]
[Black "JudgeTurpin"]
[Result "0-1"]
[WhiteElo "2390"]
[BlackElo "2596"]
[PlyCount "65"]
[EventDate "1999.??.??"]

1. d4 d5 2. c4 c6 3. Nc3 Nf6 4. cxd5 cxd5 5. f3 e6 6. Bg5 Nc6 7. Rc1 h6 8. Bxf6
Qxf6 9. e3 Bd7 10. Bb5 Bd6 11. Nge2 Qg5 12. Kf2 Qh4+ 13. Kg1 Rc8 14. e4 a6 15.
Bxc6 Bxc6 16. exd5 exd5 17. Nxd5 O-O 18. Nb6 Rce8 19. Nc4 Bb8 20. Qf1 b5 21.
Ne3 Rxe3 22. Rxc6 Rfe8 23. Rc2 Rxe2 24. Rxe2 Qxd4+ 25. Rf2 Ba7 26. g3 Qxb2 27.
Kg2 Bxf2 28. Qb1 Qe2 29. Rf1 Be1+ 30. Kg1 Qd2 31. g4 Re2 32. Rf2 Rxf2 33. Qb2 {
Hossa resigns} 0-1

[Event "ICS Rated blitz match"]
[Site "204.178.125.65"]
[Date "1999.08.04"]
[Round "?"]
[White "Spendrups"]
[Black "Hossa"]
[Result "1-0"]
[WhiteElo "2416"]
[BlackElo "2388"]
[PlyCount "57"]
[EventDate "1999.??.??"]

1. Nf3 Nf6 2. b3 g6 3. g3 Bg7 4. Bb2 O-O 5. Bg2 d5 6. c4 c6 7. O-O Bg4 8. d3
Qc8 9. Re1 Bh3 10. Bh1 Nbd7 11. Nbd2 Nb6 12. e4 dxc4 13. dxc4 Rd8 14. Qc2 Qe6
15. Ng5 Qg4 16. f4 a6 17. c5 Nc8 18. Bf3 Qd7 19. Rad1 Be6 20. Nc4 Qe8 21. Nxe6
fxe6 22. Rxd8 Qxd8 23. Rd1 Qe8 24. Ne5 Na7 25. Qc4 Rb8 26. Qxe6+ Kf8 27. Be2
Bh8 28. Bc4 Kg7 29. Ng4 {Hossa resigns} 1-0

[Event "ICS Rated blitz match"]
[Site "204.178.125.65"]
[Date "1999.08.04"]
[Round "?"]
[White "Hossa"]
[Black "Spendrups"]
[Result "0-1"]
[WhiteElo "2373"]
[BlackElo "2431"]
[PlyCount "97"]
[EventDate "1999.??.??"]

1. e4 c5 2. c3 d5 3. exd5 Qxd5 4. d4 Nf6 5. dxc5 Qxc5 6. Be3 Qc7 7. Bd3 Ng4 8.
Nf3 Nxe3 9. fxe3 e5 10. O-O Bc5 11. Qe2 Bg4 12. b4 Bd6 13. h3 Bxf3 14. Qxf3 Nc6
15. Be4 Nd8 16. Qg4 g6 17. Bd5 f5 18. Qe2 e4 19. g4 Qg7 20. Qb5+ Ke7 21. gxf5
gxf5+ 22. Kf2 Qg3+ 23. Ke2 Qg2+ 24. Rf2 Qxh3 25. Qc4 a5 26. Qd4 Qg4+ 27. Kd2
Rf8 28. a4 h5 29. Qb6 Qg1 30. Ke2 Ra6 31. Qb5 Bg3 32. Rf1 Qh2+ 33. Kd1 Qb2 34.
Ra2 Qxb1+ 35. Kd2 Qd3+ 36. Qxd3 exd3 37. Kxd3 Rd6 38. Kc4 Nc6 39. Bxc6 Rxc6+
40. Kb3 Rfc8 41. Rc2 axb4 42. Rxf5 Rxc3+ 43. Rxc3 bxc3 44. Kc2 h4 45. Rh5 Kd6
46. a5 Rc5 47. Rh7 Rc7 48. Rh5 Be1 49. Rb5 {Hossa resigns} 0-1

[Event "ICS Rated blitz match"]
[Site "204.178.125.65"]
[Date "1999.08.04"]
[Round "?"]
[White "Data"]
[Black "Hossa"]
[Result "1-0"]
[WhiteElo "2800"]
[BlackElo "2360"]
[PlyCount "102"]
[EventDate "1999.??.??"]

1. e4 c5 2. Nf3 e6 3. d4 cxd4 4. Nxd4 d5 5. Bb5+ Bd7 6. exd5 exd5 7. O-O Bc5 8.
Bxd7+ Qxd7 9. Nb3 Be7 10. Re1 Nf6 11. Bg5 O-O 12. Nc3 Bd8 13. Rb1 Ng4 14. Bxd8
Rxd8 15. Nxd5 Nc6 16. c4 Rab8 17. f4 Qf5 18. h3 Nf6 19. Nd4 Qd7 20. Nxc6 bxc6
21. Ne7+ Kh8 22. Qxd7 Rxd7 23. Nxc6 Rbb7 24. Rbd1 a6 25. b3 Rxd1 26. Rxd1 g6
27. Kf2 Rc7 28. Ne5 Ne4+ 29. Ke3 Nc3 30. Rd6 Ra7 31. a3 Nb1 32. Kd3 Nxa3 33.
Kc3 f6 34. Rxf6 Kg7 35. Rc6 g5 36. f5 g4 37. f6+ Kh6 38. Nxg4+ Kg5 39. Ne5 Kf5
40. f7 Nb1+ 41. Kc2 Na3+ 42. Kb2 Ra8 43. Nd7 Nb5 44. Rxa6 Rd8 45. cxb5 Ke4 46.
Re6+ Kd5 47. Re8 Rxd7 48. f8=Q Rg7 49. Qf5+ Kd6 50. Qe5+ Kd7 51. Qe6+ 51... Kc7
{Hossa resigns} 1-0

[Event "ICS rated bullet match"]
[Site "204.178.125.65"]
[Date "1999.08.04"]
[Round "?"]
[White "JSBach"]
[Black "Hossa"]
[Result "0-1"]
[WhiteElo "2079"]
[BlackElo "2326"]
[PlyCount "78"]
[EventDate "1999.??.??"]

1. e4 c5 2. Bc4 Nc6 3. Nf3 e5 4. Nc3 Be7 5. Bd5 Bf6 6. Nb5 d6 7. O-O Nge7 8.
Bc4 O-O 9. Nc3 Bg4 10. Nd5 Bh4 11. Ne3 Bxf3 12. Qxf3 Nd4 13. Qg4 Ng6 14. c3 Nc6
15. g3 Bg5 16. f4 exf4 17. gxf4 Bh4 18. Qf5 a6 19. Nd5 b5 20. Be2 Nge7 21. Qh5
Nxd5 22. Qxd5 Ne7 23. Qh5 Nc6 24. a4 b4 25. Bc4 Bf6 26. Rf2 g6 27. Rg2 Bg7 28.
Qd5 Qc7 29. f5 Bd4+ 30. cxd4 Ne7 31. fxg6 Nxd5 32. gxf7+ Kh8 33. Bxd5 cxd4 34.
Bxa8 Qxf7 35. Kh1 Qf1+ 36. Rg1 Qf3+ 37. Rg2 Rg8 38. e5 Qf1+ 39. Rg1 39... Rxg1#
{JSBach checkmated} 0-1

[Event "ICS Rated blitz match"]
[Site "204.178.125.65"]
[Date "1999.08.04"]
[Round "?"]
[White "GIRONA"]
[Black "Hossa"]
[Result "0-1"]
[WhiteElo "2174"]
[BlackElo "2358"]
[PlyCount "44"]
[EventDate "1999.??.??"]

1. e4 c5 2. Nf3 e6 3. d3 d5 4. Nbd2 Nc6 5. g3 Bd6 6. Bg2 Nge7 7. O-O O-O 8. Re1
e5 9. c3 d4 10. a3 f5 11. Nc4 fxe4 12. Ng5 exd3 13. Nxd6 Qxd6 14. Qb3+ Kh8 15.
Nf7+ Rxf7 16. Qxf7 Be6 17. Qh5 dxc3 18. bxc3 d2 19. Bxd2 Qxd2 20. Rad1 Qxc3 21.
Re3 Qc4 22. h4 22... Bg4 {GIRONA resigns} 0-1

[Event "ICS Rated blitz match"]
[Site "204.178.125.65"]
[Date "1999.08.04"]
[Round "?"]
[White "Hossa"]
[Black "Moosester"]
[Result "1-0"]
[WhiteElo "2366"]
[BlackElo "2060"]
[PlyCount "38"]
[EventDate "1999.??.??"]

1. d4 d5 2. c4 dxc4 3. Nf3 Nf6 4. Nc3 e6 5. e4 c5 6. Bxc4 cxd4 7. Qxd4 Qxd4 8.
Nxd4 Bb4 9. Ndb5 Na6 10. O-O Bxc3 11. Nxc3 O-O 12. Bxa6 bxa6 13. Bf4 Bb7 14. f3
Rfd8 15. Rfd1 h6 16. Bc7 Rdc8 17. Be5 Rd8 18. Rac1 Rac8 19. Rd4 19... Rd7 {
Moosester resigns} 1-0

[Event "ICS Rated blitz match"]
[Site "204.178.125.65"]
[Date "1999.08.04"]
[Round "?"]
[White "Hossa"]
[Black "Fallen-Star"]
[Result "1/2-1/2"]
[WhiteElo "2376"]
[BlackElo "2370"]
[PlyCount "37"]
[EventDate "1999.??.??"]

1. d4 d5 2. c4 e6 3. Nc3 c6 4. e4 dxe4 5. Nxe4 Bb4+ 6. Bd2 Qxd4 7. Bxb4 Qxe4+
8. Ne2 Ne7 9. Qb3 Nd7 10. Bxe7 Kxe7 11. O-O-O c5 12. Qc3 f6 13. Qg3 Kf7 14. Qc7
Ke7 15. Qd6+ Kf7 16. Qc7 Ke7 17. Qg3 Kf7 18. Qc7 Ke7 19. Qg3 {
Game drawn by repetition} 1/2-1/2

[Event "ICS Rated blitz match"]
[Site "204.178.125.65"]
[Date "1999.08.04"]
[Round "?"]
[White "Fallen-Star"]
[Black "Hossa"]
[Result "0-1"]
[WhiteElo "2370"]
[BlackElo "2376"]
[PlyCount "150"]
[EventDate "1999.??.??"]

1. d4 d5 2. Nf3 Nf6 3. Bg5 Ne4 4. Bf4 c5 5. c3 cxd4 6. Nxd4 Qb6 7. Qb3 Bd7 8.
e3 Qxb3 9. axb3 a6 10. Nb5 Bxb5 11. Bxb5+ Nc6 12. O-O Rc8 13. Be2 e5 14. Bg3
Nxg3 15. hxg3 f6 16. Rd1 Ne7 17. Bf3 Rd8 18. Na3 Rd7 19. Nc2 f5 20. Nb4 e4 21.
Be2 Rd8 22. c4 dxc4 23. bxc4 g6 24. Nc2 Bg7 25. Rxd8+ Kxd8 26. Rd1+ Kc8 27. b4
h5 28. c5 Bc3 29. Bc4 Nc6 30. b5 axb5 31. Bxb5 Ne5 32. Rd6 Rd8 33. Rxd8+ Kxd8
34. Nd4 Ke7 35. Kf1 Kf7 36. Ke2 Kf6 37. f3 g5 38. c6 bxc6 39. Nxc6 Nxc6 40.
Bxc6 exf3+ 41. gxf3 h4 42. gxh4 gxh4 43. f4 Bb2 44. e4 Ke6 45. exf5+ Kxf5 46.
Bh1 Bc3 47. Kd3 Bb4 48. Ke2 h3 49. Kf3 Be1 50. Ke2 Bg3 51. Kf3 Bh4 52. Ke2 Kg4
53. Ke3 Kg3 54. Kd3 Kf2 55. Bd5 h2 56. Be4 Kg1 57. Bd5 Bf6 58. Be4 Kf1 59. Kc4
Ke2 60. Kd5 Kf2 61. Ke6 Ke3 62. Bh1 Bc3 63. f5 Kf2 64. Bd5 Kg1 65. Bc6 Bb2 66.
Bd5 Ba1 67. Be4 Bd4 68. Bd5 Be3 69. Be4 Bf2 70. f6 Bd4 71. f7 h1=Q 72. Bd5 Qh6+
73. Kd7 Qf8 74. Be6 Kf2 75. Kc6 75... Qd8 {Fallen-Star resigns} 0-1

[Event "ICS rated blitz match"]
[Site "204.178.125.65"]
[Date "1999.08.04"]
[Round "?"]
[White "DemonRook"]
[Black "Hossa"]
[Result "0-1"]
[WhiteElo "2088"]
[BlackElo "2392"]
[PlyCount "76"]
[EventDate "1999.??.??"]

1. e4 c5 2. d4 cxd4 3. c3 dxc3 4. Nxc3 Nc6 5. Bc4 Ne5 6. Bb3 Nf6 7. Bf4 Ng6 8.
Bg3 e5 9. Nf3 Bb4 10. Nxe5 Nxe5 11. Bxe5 Nxe4 12. O-O Bxc3 13. bxc3 f6 14. Qd5
Qe7 15. Bd6 Qxd6 16. Qxe4+ Kd8 17. Rfe1 Qc5 18. Rad1 Kc7 19. Rd5 Qxc3 20. Qf4+
Kd8 21. Rc1 Re8 22. h3 Re1+ 23. Rxe1 Qxe1+ 24. Kh2 Ke7 25. Qg3 Kf8 26. Rh5 h6
27. Rd5 b6 28. Qd6+ Qe7 29. Qf4 Bb7 30. Rf5 Re8 31. g4 Be4 32. f3 Bxf5 33. Qxf5
Qe2+ 34. Kg3 Qe1+ 35. Kf4 g5+ 36. Qxg5 hxg5+ 37. Kf5 Kg7 38. Be6 38... Qb1# {
DemonRook checkmated} 0-1

[Event "ICS Rated blitz match"]
[Site "204.178.125.65"]
[Date "1999.08.04"]
[Round "?"]
[White "Hossa"]
[Black "MiddleHead"]
[Result "0-1"]
[WhiteElo "2397"]
[BlackElo "2135"]
[PlyCount "90"]
[EventDate "1999.??.??"]

1. d4 d6 2. e4 Nf6 3. Nc3 g6 4. Bg5 c6 5. Bc4 Bg7 6. Nge2 O-O 7. O-O b5 8. Bd3
a6 9. Qd2 c5 10. dxc5 dxc5 11. b3 Bb7 12. Bh6 Nc6 13. Rad1 Qc7 14. Bxg7 Kxg7
15. f4 Rad8 16. e5 Nd5 17. Nxd5 Rxd5 18. Nc3 Rd4 19. a4 c4 20. axb5 cxd3 21.
bxc6 Qxc6 22. Rf2 dxc2 23. Qxc2 Rxd1+ 24. Nxd1 Qb6 25. Nb2 Rc8 26. Nc4 Qb4 27.
Qd3 e6 28. Qe3 Bd5 29. Nd2 Rc3 30. Qe2 a5 31. Rf1 Bxb3 32. Nxb3 Qxb3 33. Qd2
Qb6+ 34. Kh1 Rb3 35. Qe1 a4 36. h3 a3 37. Qh4 a2 38. f5 exf5 39. e6 Rb1 40. Kh2
Rxf1 41. e7 Qg1+ 42. Kg3 Qf2+ 43. Kh2 Qxh4 44. e8=Q Qf4+ 45. g3 45... Qf2# {
Hossa checkmated} 0-1

[Event "ICS Rated blitz match"]
[Site "204.178.125.65"]
[Date "1999.08.04"]
[Round "?"]
[White "jyrkip"]
[Black "Hossa"]
[Result "0-1"]
[WhiteElo "2055"]
[BlackElo "2371"]
[PlyCount "80"]
[EventDate "1999.??.??"]

1. e4 c5 2. Nf3 e6 3. b3 d5 4. exd5 exd5 5. Bb2 Nc6 6. Bb5 Qe7+ 7. Qe2 Qxe2+ 8.
Bxe2 Bf5 9. Na3 O-O-O 10. O-O Re8 11. Rfe1 Bg6 12. Bb5 Re6 13. Bxc6 bxc6 14.
Rxe6 fxe6 15. Re1 Ne7 16. Rxe6 Rg8 17. Re1 Nf5 18. Ne5 Be8 19. f4 Be7 20. c4
Rf8 21. g4 Nd4 22. Bxd4 cxd4 23. Nc2 Rxf4 24. cxd5 cxd5 25. h3 Bh4 26. Rf1 Re4
27. Nf3 Bd8 28. Nfxd4 Bb6 29. Rf8 Kd7 30. Kg2 Bxd4 31. d3 Re2+ 32. Kf3 Rxc2 33.
a4 Rf2+ 34. Kg3 Rxf8 35. h4 Bg6 36. h5 Bxd3 37. g5 Be5+ 38. Kg4 Be2+ 39. Kh3
Rf2 40. g6 40... Rh2# {jyrkip checkmated} 0-1

[Event "ICS Rated blitz match"]
[Site "204.178.125.65"]
[Date "1999.08.04"]
[Round "?"]
[White "Hossa"]
[Black "jyrkip"]
[Result "1-0"]
[WhiteElo "2375"]
[BlackElo "2051"]
[PlyCount "65"]
[EventDate "1999.??.??"]

1. d4 f5 2. c4 Nf6 3. Nc3 e6 4. e3 d5 5. Bd3 c6 6. Bd2 Bd6 7. Nf3 O-O 8. O-O
Ne4 9. Rc1 Qe8 10. cxd5 exd5 11. Re1 Nd7 12. a3 Ndf6 13. Ne2 Ng4 14. Rf1 Qh5
15. h3 Rf6 16. hxg4 fxg4 17. Bxe4 gxf3 18. Ng3 Bxg3 19. Bxh7+ Kxh7 20. fxg3 Rh6
21. Rxf3 Bg4 22. Qc2+ Kg8 23. Rf4 Rf8 24. e4 Qh2+ 25. Kf2 Rh3 26. Rxf8+ Kxf8
27. Qb3 dxe4 28. Bb4+ Ke8 29. Qg8+ Kd7 30. Qxg7+ Kc8 31. Qxg4+ Kc7 32. Qxh3
Qxh3 33. gxh3 {jyrkip resigns} 1-0

[Event "ICS rated blitz match"]
[Site "204.178.125.65"]
[Date "1999.08.04"]
[Round "?"]
[White "Ugly"]
[Black "Hossa"]
[Result "0-1"]
[WhiteElo "2171"]
[BlackElo "2379"]
[PlyCount "68"]
[EventDate "1999.??.??"]

1. e4 c5 2. Bc4 Nc6 3. d3 e6 4. Nc3 Nf6 5. Bg5 Be7 6. Nf3 d5 7. exd5 exd5 8.
Bxf6 Bxf6 9. Nxd5 Bxb2 10. Rb1 Ba3 11. Qe2+ Be6 12. Rxb7 O-O 13. Qe4 Bc8 14.
Rc7 Bd7 15. O-O Re8 16. Qf4 Rc8 17. Ng5 Ne5 18. Rxa7 Bb2 19. Nxf7 Nxf7 20. Nb6
Re7 21. Bxf7+ Rxf7 22. Qxf7+ Kxf7 23. Rxd7+ Qxd7 24. Nxd7 c4 25. Nb6 cxd3 26.
Nxc8 dxc2 27. a4 Ke6 28. Nb6 c1=R 29. a5 Rc6 30. a6 Rxb6 31. Re1+ Kd5 32. a7
Ra6 33. Rb1 Rxa7 34. Rxb2 34... Ra1+ {Ugly resigns} 0-1